00397nam a2200157Ia 4500003000400000008004100004040001600045082001700061100001800078245004200096260004500138300001000183650001100193650001500204650002000219GCL140319s9999 xx 000 0 eng d aGCL / cGCL04a796.343bM E1 aMCKENZIE, IAN10aEXCELLING AT SQUASH / cMCKENZIE, IAN a[S.N] : bHODDER AND STOUGHTON ، c1994 a191 P04aSQUASH04aSPORT CARS04aPROBLEM SOLVING